Some friends of mine : a rally of men /

Bibliographic Details
Main Author: Lucas, E. V. (Edward Verrall), 1868-1938
Format: Book
Language:English
Published: [New York] : Macmillan company, [1909]
Subjects:

MARC

Tag First Indicator Second Indicator Subfields
LEADER 00000cam a2200000 4500
001 in00000317721
005 20151011050418.0
008 750512s1909 nyu 00010 eng d
010 |a  09027283  
035 |a (OCoLC)01327307 
035 |9 ABK0944AM 
040 |c DZM  |d TXA  |d UtOrBLW 
049 |a TXAM  |c [1349703] 
090 |a CT101  |b .L8 
100 1 |a Lucas, E. V.  |q (Edward Verrall),  |d 1868-1938. 
245 1 0 |a Some friends of mine :  |b a rally of men /  |c ed. by E. V. Lucas. 
264 1 |a [New York] :  |b Macmillan company,  |c [1909] 
264 4 |c [©1909] 
300 |a x, 362 pages ;  |c 17 cm. 
336 |a text  |b txt  |2 rdacontent 
337 |a unmediated  |b n  |2 rdamedia 
338 |a volume  |b nc  |2 rdacarrier 
500 |a Illustrated t.-p. 
650 0 |a Biography. 
999 |a MARS 
999 f f |s ac78356b-c62f-37e2-bd25-ab3db6f61ae9  |i 57ef1def-11da-3b94-9b30-6124c33c8b36  |t 0 
952 f f |p ric  |a Texas A&M University  |b Rellis Campus  |c Joint Library Facility  |d Remote Storage  |t 0  |e CT101 .L8  |h Library of Congress classification  |i unmediated -- volume  |m A14801854085 
998 f f |a CT101 .L8  |t 0  |l Remote Storage